[Event "Balkan-ch U14"]
[Site "Tornelo INT"]
[Date "2020.10.31"]
[Round "3"]
[White "Dobre, Radu Fabian"]
[Black "Shtavica, Alaudin"]
[Result "1-0"]
[WhiteElo "1983"]
[BlackElo "1680"]
[PlyCount "69"]
[EventDate "2020.10.31"]
[EventType "swiss"]
[EventRounds "7"]
[EventCountry "NET"]
[SourceTitle "EXT 2023"]
[Source "ChessBase"]
[SourceDate "2022.10.05"]
[SourceVersion "1"]
[SourceVersionDate "2022.10.05"]
[SourceQuality "1"]

1. e4 e5 2. Nf3 Nc6 3. Bc4 Nf6 4. d3 h6 5. Bb3 Bc5 6. 0-0 0-0 7. Nbd2 d6 8. c3 Bg4 9. h3 Bh5 10. Re1 Nh7 11. Nf1 Kh8 12. Ng3 Bg6 13. d4 exd4 14. cxd4 Bb4 15. Bd2 Re8 16. Bxb4 Nxb4 17. Qd2 Nc6 18. Rad1 a5 19. a3 Nf6 20. Qf4 d5 21. exd5 Nxd5 22. Rxe8+ Qxe8 23. Bxd5 Qd7 24. Bxc6 Qxc6 25. Rc1 Qb6 26. Rxc7 Qxb2 27. Ne5 Rd8 28. Nxf7+ Bxf7 29. Qxf7 Qxd4 30. Nf5 Qa1+ 31. Kh2 Qe5+ 32. g3 Rg8 33. Nxh6 Rd8 34. Nf5 Rg8 35. Qh5# 1-0

[Event "FISCA Online op"]
[Site "Chess.com INT"]
[Date "2020.06.25"]
[Round "6"]
[White "Schitco, Ivan"]
[Black "Dobre, Radu Fabian"]
[Result "1/2-1/2"]
[WhiteElo "2467"]
[BlackElo "2050"]
[PlyCount "124"]
[EventDate "2020.06.19"]
[EventType "swiss"]
[EventRounds "9"]
[EventCountry "ROU"]
[SourceTitle "CBM 197 Extra"]
[Source "ChessBase"]
[SourceDate "2020.09.30"]
[SourceVersion "1"]
[SourceVersionDate "2020.09.30"]
[SourceQuality "1"]

1. e4 e5 2. Nf3 Nc6 3. Bb5 a6 4. Ba4 b5 5. Bb3 Bb7 6. 0-0 Be7 7. d3 Nf6 8. Re1 0-0 9. a4 d6 10. Nbd2 Na5 11. Ba2 c5 12. Nf1 b4 13. c3 Nc6 14. Ne3 Bc8 15. Nd5 Be6 16. Bd2 Rb8 17. Bc4 a5 18. h3 h6 19. Qe2 Kh8 20. Ne3 Qd7 21. Bb5 Qc7 22. Bc4 Rb7 23. Qf1 bxc3 24. bxc3 Bxc4 25. Nxc4 Rfb8 26. Na3 Qd7 27. c4 Nb4 28. Nh4 Nh5 29. Nf5 Nf4 30. Re3 Kh7 31. Rf3 Bf8 32. Bxf4 exf4 33. Rxf4 g6 34. Ne3 Bg7 35. Rd1 Be5 36. Rf3 Qxa4 37. Nb5 Nc2 38. Ng4 Nd4 39. Nxe5 dxe5 40. Rf6 Nxb5 41. cxb5 Qxb5 42. f4 exf4 43. Qxf4 Qd7 44. Rf1 Rf8 45. Rd6 Qe7 46. e5 Kg7 47. Ra6 Re8 48. e6 fxe6 49. Qe5+ Kg8 50. Rf6 Qg7 51. Raxe6 Rxe6 52. Qxe6+ Kh7 53. h4 h5 54. Rf4 Re7 55. Qd6 Re1+ 56. Kh2 Qe7 57. Rf6 Qxd6+ 58. Rxd6 Rd1 59. Rc6 Rxd3 60. Rxc5 Ra3 61. Rc7+ Kg8 62. Ra7 Ra1 1/2-1/2

[Event "FISCA Online op"]
[Site "Chess.com INT"]
[Date "2020.06.23"]
[Round "5"]
[White "Dobre, Radu Fabian"]
[Black "Vladov, Arsenii"]
[Result "1-0"]
[WhiteElo "2050"]
[BlackElo "1775"]
[PlyCount "45"]
[EventDate "2020.06.19"]
[EventType "swiss"]
[EventRounds "9"]
[EventCountry "ROU"]
[SourceTitle "CBM 197 Extra"]
[Source "ChessBase"]
[SourceDate "2020.09.30"]
[SourceVersion "1"]
[SourceVersionDate "2020.09.30"]
[SourceQuality "1"]

1. e4 c5 2. Nf3 e6 3. c3 Nf6 4. e5 Nd5 5. d4 cxd4 6. cxd4 Nc6 7. a3 d6 8. Bd3 Be7 9. 0-0 0-0 10. Qc2 h6 11. Qe2 a6 12. Nc3 Nxc3 13. bxc3 d5 14. Bc2 f5 15. exf6 Bxf6 16. Qd3 Ne7 17. Qh7+ Kf7 18. Bxh6 Rh8 19. Ng5+ Bxg5 20. Qxg7+ Ke8 21. Qxh8+ Kd7 22. Qxd8+ Kxd8 23. Bxg5 1-0

[Event "Arad op 12th"]
[Site "Arad"]
[Date "2019.07.29"]
[Round "7"]
[White "Dobre, Radu Fabian"]
[Black "Pop, Alexandru"]
[Result "0-1"]
[WhiteElo "2004"]
[BlackElo "2276"]
[PlyCount "82"]
[EventDate "2019.07.24"]
[EventType "swiss"]
[EventRounds "9"]
[EventCountry "ROU"]
[SourceTitle "CBM 191 Extra"]
[Source "ChessBase"]
[SourceDate "2019.09.30"]
[SourceVersion "1"]
[SourceVersionDate "2019.09.30"]
[SourceQuality "1"]

1. e4 c5 2. Nf3 Nc6 3. c3 e6 4. d4 d5 5. e5 Qb6 6. a3 Nge7 7. b4 cxd4 8. cxd4 Nf5 9. Be3 Be7 10. Bd3 0-0 11. Nc3 Qd8 12. 0-0 f6 13. Bxf5 exf5 14. Re1 fxe5 15. dxe5 f4 16. Bc1 d4 17. Ne2 d3 18. Nxf4 Bg4 19. Qxd3 Qxd3 20. Nxd3 Bxf3 21. gxf3 Nd4 22. Rd1 Nxf3+ 23. Kg2 Rf5 24. Bf4 Nh4+ 25. Kf1 Ng6 26. Bg3 h5 27. h3 Bh4 28. Bh2 Raf8 29. Ra2 Rf3 30. Kg2 Bd8 31. Bg3 Bb6 32. Re2 h4 33. Bh2 R3f5 34. f4 Ne7 35. Nc5 Bxc5 36. bxc5 Nc6 37. Rd7 g5 38. Rb2 gxf4 39. Rbxb7 Rg5+ 40. Kf1 Nxe5 41. Rd4 Nf3 0-1

[Event "ROM-ch U12"]
[Site "Calimanesti"]
[Date "2018.03.31"]
[Round "6"]
[White "Dobre, Radu Fabian"]
[Black "Lup, Constantin Ionel"]
[Result "1-0"]
[WhiteElo "1859"]
[BlackElo "1416"]
[PlyCount "25"]
[EventDate "2018.03.27"]
[EventType "swiss"]
[EventRounds "9"]
[EventCountry "ROU"]
[SourceTitle "CBM 183 Extra"]
[Source "ChessBase"]
[SourceDate "2018.04.19"]
[SourceVersion "1"]
[SourceVersionDate "2018.04.19"]
[SourceQuality "1"]

1. e4 c6 2. d4 d5 3. exd5 cxd5 4. Bd3 Nc6 5. c3 g6 6. Bf4 Bg7 7. Nf3 f6 8. 0-0 Nh6 9. Re1 Nf7 10. c4 Qb6 11. cxd5 Nxd4 12. Nxd4 Qxd4 13. Bb5+ 1-0

[Event "EU-ch U12 27th"]
[Site "Mamaia"]
[Date "2017.09.08"]
[Round "4"]
[White "Creanga, Robert Ionut"]
[Black "Dobre, Radu Fabian"]
[Result "1/2-1/2"]
[WhiteElo "2062"]
[BlackElo "1796"]
[PlyCount "111"]
[EventDate "2017.09.05"]
[EventType "swiss"]
[EventRounds "9"]
[EventCountry "ROU"]
[SourceTitle "CBM 180 Extra"]
[Source "ChessBase"]
[SourceDate "2017.10.06"]
[SourceVersion "1"]
[SourceVersionDate "2017.10.06"]
[SourceQuality "1"]

1. d4 d5 2. c4 e6 3. Nc3 Nf6 4. cxd5 exd5 5. Bg5 Be7 6. e3 c6 7. Bd3 Nbd7 8. Nf3 Nh5 9. Bxe7 Qxe7 10. 0-0 g6 11. Rb1 a5 12. Re1 Nb6 13. e4 dxe4 14. Nxe4 Be6 15. Nc5 Ng7 16. Qd2 0-0 17. Qh6 f6 18. Re2 Rfe8 19. Rbe1 Qf7 20. b3 Bd5 21. Be4 a4 22. Nd2 axb3 23. axb3 Qc7 24. h4 f5 25. Bxd5+ Nxd5 26. Re5 b6 27. Nd3 Qd7 28. Nf3 Ne6 29. h5 Nf8 30. Nh4 Qf7 31. Rc1 Qf6 32. g3 Red8 33. Nf3 Ra3 34. Rb1 Nc3 35. Rb2 Ne4 36. Qc1 Ra7 37. Rc2 c5 38. d5 Rad7 39. hxg6 hxg6 40. Nf4 Ng5 41. Nxg5 Qxe5 42. Re2 Qf6 43. Nge6 Ra8 44. Qc4 Qh8 45. Kg2 Ra1 46. Nh3 Qf6 47. Nxf8 Kxf8 48. Nf4 Rd6 49. Qb5 Ra8 50. b4 cxb4 51. Ne6+ Kf7 52. Nc7 Rad8 53. Qxb4 Rxd5 54. Nxd5 Rxd5 55. Qb3 Qd4 56. Qa2 1/2-1/2

[Event "EU-ch U12 27th"]
[Site "Mamaia"]
[Date "2017.09.07"]
[Round "3"]
[White "Dobre, Radu Fabian"]
[Black "Mizzi, Jack"]
[Result "1-0"]
[WhiteElo "1796"]
[BlackElo "1508"]
[PlyCount "49"]
[EventDate "2017.09.05"]
[EventType "swiss"]
[EventRounds "9"]
[EventCountry "ROU"]
[SourceTitle "CBM 180 Extra"]
[Source "ChessBase"]
[SourceDate "2017.10.06"]
[SourceVersion "1"]
[SourceVersionDate "2017.10.06"]
[SourceQuality "1"]

1. e4 e5 2. Nf3 Nc6 3. Bc4 Bc5 4. d3 Nf6 5. Bb3 0-0 6. 0-0 h6 7. Nbd2 d6 8. c3 Re8 9. h3 Be6 10. Bc2 d5 11. exd5 Nxd5 12. Re1 Qf6 13. Ne4 Qe7 14. Bd2 Bd6 15. Qc1 Qd7 16. b4 Nf4 17. Nxd6 Qxd6 18. b5 Ne7 19. Nxe5 Nxh3+ 20. gxh3 Bxh3 21. Bf4 Qd5 22. f3 f6 23. Bb3 Qxb3 24. axb3 fxe5 25. Bxe5 1-0

[Event "ROM-ch U12"]
[Site "Baile Felix"]
[Date "2017.02.09"]
[Round "9"]
[White "Dobre, Radu Fabian"]
[Black "Stepanencu, Nicodim Cosmin"]
[Result "1/2-1/2"]
[WhiteElo "1698"]
[BlackElo "1753"]
[PlyCount "89"]
[EventDate "2017.02.02"]
[EventType "swiss"]
[EventRounds "9"]
[EventCountry "ROU"]
[SourceTitle "CBM 176 Extra"]
[Source "ChessBase"]
[SourceDate "2017.03.02"]
[SourceVersion "1"]
[SourceVersionDate "2017.03.02"]
[SourceQuality "1"]

1. e4 c5 2. Nf3 d6 3. c3 Nf6 4. h3 g6 5. Bd3 Bg7 6. 0-0 0-0 7. Bc2 e5 8. Re1 Qe7 9. d4 Nh5 10. Be3 Nd7 11. Qd2 Re8 12. a4 Nf8 13. Na3 Be6 14. b4 cxb4 15. cxb4 a6 16. d5 Bd7 17. Nc4 Rad8 18. Bb6 Rc8 19. Na5 Nf4 20. Be3 Rc7 21. Rac1 Rec8 22. Bb6 Rc3 23. Nc6 bxc6 24. Qxc3 cxd5 25. Qd2 d4 26. Bxd4 Nxh3+ 27. gxh3 exd4 28. Bd3 Qf6 29. Be2 Re8 30. Bd1 Bxh3 31. b5 axb5 32. axb5 Nd7 33. Qg5 Qe6 34. Rb1 Nc5 35. Qh4 Bf6 36. Qg3 Nxe4 37. Qf4 g5 38. Qh2 Qg4+ 39. Kh1 Qf5 40. Rc1 Be5 41. Nxe5 Rxe5 42. Kg1 d3 43. Re3 g4 44. b6 Re8 45. b7 1/2-1/2

[Event "ROM-ch U12"]
[Site "Baile Felix"]
[Date "2017.02.08"]
[Round "8"]
[White "Creanga, Robert Ionut"]
[Black "Dobre, Radu Fabian"]
[Result "1-0"]
[WhiteElo "1940"]
[BlackElo "1698"]
[PlyCount "119"]
[EventDate "2017.02.02"]
[EventType "swiss"]
[EventRounds "9"]
[EventCountry "ROU"]
[SourceTitle "CBM 176 Extra"]
[Source "ChessBase"]
[SourceDate "2017.03.02"]
[SourceVersion "1"]
[SourceVersionDate "2017.03.02"]
[SourceQuality "1"]

1. d4 d5 2. c4 e6 3. Nc3 Nf6 4. cxd5 exd5 5. Bg5 Be7 6. e3 0-0 7. Bd3 h6 8. Bh4 c6 9. Qc2 Be6 10. Nf3 Nbd7 11. 0-0 c5 12. dxc5 Nxc5 13. Bf5 Rc8 14. Rac1 Nfe4 15. Bxe7 Qxe7 16. Bxe6 fxe6 17. Nxe4 Nxe4 18. Qxc8 Rxc8 19. Rxc8+ Kh7 20. Rfc1 Qf6 21. R1c2 a5 22. R8c7 b5 23. Nd4 e5 24. R7c6 Qd8 25. Ne6 Qe8 26. f3 Nf6 27. Rd6 Qe7 28. Ra6 Ne8 29. Nc5 d4 30. Re6 Qg5 31. exd4 Qe3+ 32. Kf1 Qxd4 33. Re2 Qxc5 34. Rxe8 Qc1+ 35. Kf2 Qc5+ 36. Kg3 Qc4 37. R8xe5 g5 38. R2e4 Qc7 39. Kg4 Qd7+ 40. Re6 b4 41. Kf5 Qf7+ 42. Ke5 Qc7+ 43. Kd5 Qd7+ 44. Kc5 Qc7+ 45. Kb5 Qb7+ 46. Kxa5 Qd5+ 47. Kxb4 Qd2+ 48. Kc4 Qc2+ 49. Kd5 Qd2+ 50. Ke5 Qxb2+ 51. Kf5 Qb5+ 52. Kf6 Qb2+ 53. R4e5 h5 54. Re7+ Kh6 55. Kf7 h4 56. f4 Qxa2+ 57. R7e6+ Kh7 58. Rxg5 Qa7+ 59. Re7 Qa2+ 60. Kf6+ 1-0

[Event "ROM-ch U12"]
[Site "Baile Felix"]
[Date "2017.02.06"]
[Round "6"]
[White "Dobre, Radu Fabian"]
[Black "Melinte, Rares Andrei"]
[Result "1-0"]
[WhiteElo "1698"]
[BlackElo "1513"]
[PlyCount "76"]
[EventDate "2017.02.02"]
[EventType "swiss"]
[EventRounds "9"]
[EventCountry "ROU"]
[SourceTitle "CBM 176 Extra"]
[Source "ChessBase"]
[SourceDate "2017.03.02"]
[SourceVersion "1"]
[SourceVersionDate "2017.03.02"]
[SourceQuality "1"]

1. e4 c5 2. Nf3 e6 3. c3 Nc6 4. d4 d5 5. e5 Qb6 6. a3 cxd4 7. cxd4 Bd7 8. b4 Nge7 9. Be3 Nf5 10. Bd3 Nxe3 11. fxe3 a6 12. 0-0 Be7 13. Nc3 Na7 14. Qe1 Nb5 15. Na4 Qa7 16. Nc5 b6 17. Nxd7 Qxd7 18. Qg3 g6 19. h4 Qb7 20. h5 Nc3 21. Ng5 Bxg5 22. Qxg5 Qe7 23. Qg4 Nb5 24. Rf6 Rf8 25. hxg6 hxg6 26. Raf1 Kd7 27. Bxb5+ axb5 28. Qe2 Kc6 29. Re1 Kb7 30. Qxb5 Rac8 31. Ref1 Rc3 32. a4 Rb3 33. a5 Rxb4 34. Rxf7 Rxf7 35. Rxf7 Qxf7 36. Qxb4 Qf5 37. Qxb6+ Kc8 38. Qc6+ Kd8 1-0

[Event "Wch U10"]
[Site "Batumi"]
[Date "2016.10.27"]
[Round "8"]
[White "Dobre, Radu Fabian"]
[Black "Skrbec, Leon"]
[Result "0-1"]
[WhiteElo "1775"]
[BlackElo "1402"]
[PlyCount "44"]
[EventDate "2016.10.19"]
[EventType "swiss"]
[EventRounds "11"]
[EventCountry "GEO"]
[SourceTitle "CBM 175 Extra"]
[Source "ChessBase"]
[SourceDate "2016.12.12"]
[SourceVersion "1"]
[SourceVersionDate "2016.12.12"]
[SourceQuality "1"]

1. e4 c6 2. d4 d5 3. exd5 cxd5 4. Bd3 Nc6 5. c3 Nf6 6. Bf4 g6 7. Nf3 Bg7 8. Nbd2 0-0 9. 0-0 Bf5 10. Bxf5 gxf5 11. Re1 e6 12. Nf1 Ne4 13. Ng3 Kh8 14. Nh5 Rg8 15. Nxg7 Rxg7 16. Ne5 Qh4 17. Qf3 Nxe5 18. Bxe5 f6 19. Bf4 Rg4 20. g3 Rag8 21. Kh1 Rxf4 22. Rxe4 Rxe4 0-1

[Event "Wch U10"]
[Site "Batumi"]
[Date "2016.10.26"]
[Round "7"]
[White "Oberoi, Shelev"]
[Black "Dobre, Radu Fabian"]
[Result "1-0"]
[WhiteElo "1598"]
[BlackElo "1775"]
[PlyCount "113"]
[EventDate "2016.10.19"]
[EventType "swiss"]
[EventRounds "11"]
[EventCountry "GEO"]
[SourceTitle "CBM 175 Extra"]
[Source "ChessBase"]
[SourceDate "2016.12.12"]
[SourceVersion "1"]
[SourceVersionDate "2016.12.12"]
[SourceQuality "1"]

1. e4 e5 2. Nf3 Nc6 3. Bc4 Bc5 4. c3 Nf6 5. d3 d6 6. 0-0 0-0 7. Re1 a6 8. b4 Ba7 9. a4 Ne7 10. Nbd2 Ng6 11. Nf1 h6 12. Ng3 Re8 13. Qb3 Be6 14. Bxe6 Rxe6 15. d4 exd4 16. cxd4 Qd7 17. b5 a5 18. d5 Ree8 19. Bb2 Qd8 20. Bc3 Bb6 21. Qb2 Ng4 22. Bd4 N4e5 23. Nxe5 Nxe5 24. Qc3 Rc8 25. f4 Nd7 26. Nh5 f6 27. Bxb6 cxb6 28. Qg3 Qe7 29. Ra3 Qf7 30. Qh3 Re7 31. Rg3 Qf8 32. Rg6 Kh8 33. Ng3 Qe8 34. Nf5 Qxg6 35. Nxe7 Qe8 36. Nxc8 Qxc8 37. Qa3 Qc5+ 38. Qxc5 bxc5 39. Ra1 g5 40. g3 Kg7 41. Kf2 Kg6 42. Ke3 b6 43. Kd3 Kf7 44. h3 Kg6 45. Rf1 Kg7 46. Ke3 Kg6 47. Kf3 Kg7 48. h4 Kg6 49. hxg5 hxg5 50. Ke3 Kg7 51. Kd2 Kg6 52. Kc2 c4 53. Kc3 Nc5 54. e5 Ne4+ 55. Kd4 Nd2 56. exd6 Kf7 57. fxg5 1-0

[Event "Wch U10"]
[Site "Batumi"]
[Date "2016.10.21"]
[Round "3"]
[White "Shapovalovi, Vasiko"]
[Black "Dobre, Radu Fabian"]
[Result "1/2-1/2"]
[WhiteElo "1453"]
[BlackElo "1775"]
[PlyCount "70"]
[EventDate "2016.10.19"]
[EventType "swiss"]
[EventRounds "11"]
[EventCountry "GEO"]
[SourceTitle "CBM 175 Extra"]
[Source "ChessBase"]
[SourceDate "2016.12.12"]
[SourceVersion "1"]
[SourceVersionDate "2016.12.12"]
[SourceQuality "1"]

1. Nf3 d5 2. c4 e6 3. e3 Nf6 4. Nc3 Be7 5. b3 0-0 6. Bb2 b6 7. Be2 Bb7 8. 0-0 c5 9. Rc1 Nbd7 10. d4 Rc8 11. Rc2 a6 12. Qa1 dxc4 13. bxc4 Qc7 14. Nd2 Rfd8 15. Nb3 Ne8 16. Rd1 Ndf6 17. Rcd2 Nd6 18. dxc5 bxc5 19. Ba3 Nde4 20. Nxe4 Nxe4 21. Rxd8+ Bxd8 22. f3 Bf6 23. Bb2 Bxb2 24. Qxb2 Nf6 25. Qd2 Ne8 26. Qd7 Kf8 27. Kf2 Nf6 28. Qxc7 Rxc7 29. Na5 Ke7 30. Rb1 Bc8 31. Bd1 h6 32. Ba4 Bd7 33. Bxd7 Nxd7 34. Ke2 f6 35. Kd3 e5 1/2-1/2

[Event "Wch U10"]
[Site "Batumi"]
[Date "2016.10.20"]
[Round "2"]
[White "Dobre, Radu Fabian"]
[Black "Guipi Bopala, Prince Eric Jr"]
[Result "0-1"]
[WhiteElo "1775"]
[BlackElo "1518"]
[PlyCount "38"]
[EventDate "2016.10.19"]
[EventType "swiss"]
[EventRounds "11"]
[EventCountry "GEO"]
[SourceTitle "CBM 175 Extra"]
[Source "ChessBase"]
[SourceDate "2016.12.12"]
[SourceVersion "1"]
[SourceVersionDate "2016.12.12"]
[SourceQuality "1"]

1. e4 e5 2. Nf3 Nc6 3. Bc4 Nf6 4. d3 Bc5 5. Bb3 d6 6. c3 Be6 7. Bc2 Qe7 8. Nbd2 0-0-0 9. b4 Bb6 10. a4 a5 11. b5 Nb8 12. d4 Nbd7 13. 0-0 Bg4 14. Nc4 Rhg8 15. Ba3 Bxf3 16. Qxf3 Kb8 17. Rfd1 g5 18. Qe2 h5 19. dxe5 Nxe5 0-1

[Event "ROM-ch U10"]
[Site "Calimanesti Caciulata"]
[Date "2016.04.23"]
[Round "7"]
[White "Dobre, Radu Fabian"]
[Black "Anghel, Iulian Mihai"]
[Result "1/2-1/2"]
[WhiteElo "1709"]
[BlackElo "1719"]
[PlyCount "47"]
[EventDate "2016.04.18"]
[EventType "swiss"]
[EventRounds "9"]
[EventCountry "ROU"]
[SourceTitle "CBM 172 Extra"]
[Source "ChessBase"]
[SourceDate "2016.06.21"]
[SourceVersion "1"]
[SourceVersionDate "2016.06.21"]
[SourceQuality "1"]

1. e4 d6 2. d4 Nf6 3. Bd3 c6 4. Nf3 Bg4 5. h3 Bh5 6. Bf4 Qb6 7. Nbd2 Bxf3 8. Nxf3 e6 9. Qc1 d5 10. exd5 Nxd5 11. Bg3 Be7 12. 0-0 Nd7 13. c3 0-0 14. Re1 c5 15. dxc5 Bxc5 16. a3 Bd6 17. Bxd6 Qxd6 18. Be4 Nc5 19. Bxd5 Nd3 20. Qg5 Nxe1 21. Rxe1 Qxd5 22. Qh4 h6 23. Re4 b5 24. Rg4 1/2-1/2

[Event "ROM-ch U10"]
[Site "Calimanesti Caciulata"]
[Date "2016.04.18"]
[Round "1"]
[White "Dobre, Radu Fabian"]
[Black "Popovici, Liviu Daniel"]
[Result "1-0"]
[WhiteElo "1709"]
[BlackElo "1144"]
[PlyCount "74"]
[EventDate "2016.04.18"]
[EventType "swiss"]
[EventRounds "9"]
[EventCountry "ROU"]
[SourceTitle "CBM 172 Extra"]
[Source "ChessBase"]
[SourceDate "2016.06.21"]
[SourceVersion "1"]
[SourceVersionDate "2016.06.21"]
[SourceQuality "1"]

1. e4 c5 2. Nf3 d6 3. c3 Nc6 4. d4 e6 5. Bd3 Nf6 6. 0-0 Be7 7. Qe2 0-0 8. Re1 a6 9. Bc2 b5 10. e5 Nd5 11. Qe4 g6 12. Bh6 Re8 13. Qg4 b4 14. h4 Bf8 15. Bxf8 Rxf8 16. h5 Nce7 17. hxg6 fxg6 18. Ng5 Qd7 19. Qh3 Nf5 20. g4 Qe7 21. Qxh7+ Qxh7 22. Nxh7 Kxh7 23. gxf5 gxf5 24. exd6 Rd8 25. dxc5 a5 26. cxb4 Nxb4 27. Na3 Bb7 28. Rxe6 Ra7 29. Bxf5+ Kg7 30. Nb5 Rb8 31. Be4 Bxe4 32. Rxe4 Rf7 33. a3 Nd3 34. Rg4+ Kf8 35. c6 Nxf2 36. c7 Nxg4 37. cxb8Q+ Kg7 1-0

[Event "ROM-ch U10"]
[Site "Calimanesti"]
[Date "2015.04.02"]
[Round "5"]
[White "Dobre, Radu Fabian"]
[Black "Mihalcescu, Alexandru"]
[Result "1/2-1/2"]
[WhiteElo "1448"]
[BlackElo "1191"]
[PlyCount "92"]
[EventDate "2015.03.30"]
[EventType "swiss"]
[EventRounds "9"]
[EventCountry "ROU"]
[SourceTitle "CBM 165 Extra"]
[Source "ChessBase"]
[SourceDate "2015.04.21"]
[SourceVersion "1"]
[SourceVersionDate "2015.04.21"]
[SourceQuality "1"]

1. e4 c5 2. Nf3 d6 3. d4 cxd4 4. Nxd4 Nf6 5. Nc3 a6 6. Nf3 e5 7. Bd3 Be7 8. h3 h6 9. Be3 Be6 10. Qd2 Nbd7 11. a3 Qc7 12. g4 Nh7 13. Nd5 Qd8 14. Ke2 Rc8 15. c4 Nc5 16. Bxc5 Rxc5 17. b4 Rc8 18. Rac1 Ng5 19. Nxe7 Nxf3 20. Kxf3 Qxe7 21. Ke2 Qh4 22. Qe1 h5 23. c5 dxc5 24. Rxc5 Rxc5 25. bxc5 hxg4 26. Qc3 f6 27. c6 bxc6 28. Qxc6+ Bd7 29. Qxa6 gxh3 30. Qa8+ Ke7 31. Qb7 Qg4+ 32. Ke1 Qg2 33. Rf1 h2 34. Qb4+ Kf7 35. Qd6 h1Q 36. Qxd7+ Kg6 37. Qf5+ Kh6 38. Rxh1+ Qxh1+ 39. Kd2 Qh5 40. Qd7 Qg5+ 41. Kc2 Qg2 42. Qf5 Ra8 43. Be2 Qg5 44. Qh3+ Kg6 45. Bc4 Ra4 46. Bb5 Ra8 1/2-1/2